| 000 | 00678nam a22002057a 4500 | ||
|---|---|---|---|
| 999 |
_c19951 _d19951 |
||
| 003 | AR-CdUCM | ||
| 008 | 190306b ||||| |||| 00| 0 spa d | ||
| 020 | _a84-211-0287-7 | ||
| 040 |
_aMUNICIPALIDAD PROVINCIAL DEL CUSCO _cBIBLIOTECA MUNICIPAL DEL CUSCO |
||
| 082 |
_a327.209 / _bED26 _23ed |
||
| 100 |
_aEdwards, Jorge _9475 |
||
| 245 | _aPersona non Grata / | ||
| 260 |
_aBarcelona : _bBarral Editores ; _c1974. |
||
| 300 |
_a478 páginas ; _c19 cm. |
||
| 505 | _aContenido: Misión en la Habana -- El dedo en el ventilador -- La maquina del tiempo... | ||
| 650 |
_aNovela _95 |
||
| 650 |
_aLiteratura española _9362 |
||
| 942 |
_2ddc _cLIBROS |
||
| 945 |
_adavv _d2019-05-24 |
||